[Event "Titled Tuesday intern op 29th Aug Early"]
[Site "Chess.com INT"]
[Date "2023.08.29"]
[Round "1"]
[White "Kravtsiv, Martyn"]
[Black "Sisabayev, Kuanysh"]
[Result "1-0"]
[WhiteElo "2598"]
[BlackElo "2229"]
[PlyCount "97"]
[EventDate "2023.08.29"]
[EventType "swiss (blitz)"]
[EventRounds "11"]
[EventCountry "USA"]
[SourceTitle "EXT 2024"]
[Source "ChessBase"]
[SourceDate "2023.10.10"]
[SourceVersion "1"]
[SourceVersionDate "2023.10.10"]
[SourceQuality "1"]

1. e4 e5 2. Nf3 Nc6 3. Nc3 d6 4. d4 exd4 5. Nxd4 Nf6 6. Be2 Be7 7. Be3 0-0 8. Qd2 Nxd4 9. Bxd4 Be6 10. f4 a6 11. a4 b5 12. Bf3 Rb8 13. axb5 axb5 14. 0-0 b4 15. Nd5 Bxd5 16. exd5 Nd7 17. Ra4 b3 18. c3 Bf6 19. Bf2 Re8 20. Rfa1 Nb6 21. Rb4 Nd7 22. Rc4 Nc5 23. Bxc5 dxc5 24. Rxc5 Qe7 25. Rc6 g6 26. h3 Bg7 27. Kh2 Bh6 28. Ra4 Qe3 29. Qxe3 Rxe3 30. Rxc7 Rd3 31. Kg3 Rd2 32. Raa7 Rxb2 33. Rxf7 Rc2 34. Rfb7 Rxb7 35. Rxb7 Rxc3 36. d6 Bf8 37. d7 Rd3 38. Kf2 b2 39. Bg4 Ba3 40. Be6+ Kf8 41. Ke2 Rd6 42. Ba2 Ke7 43. Rb3 Bc5 44. Rxb2 Rxd7 45. Rb5 Bd6 46. Kf3 Ra7 47. Bb3 Ra3 48. Rb7+ Kf6 49. Rf7# 1-0

[Event "Titled Tuesday intern op 08th Aug Early"]
[Site "Chess.com INT"]
[Date "2023.08.08"]
[Round "6"]
[White "Pham, Le Thao Nguyen"]
[Black "Sisabayev, Kuanysh"]
[Result "1-0"]
[WhiteElo "2370"]
[BlackElo "2229"]
[PlyCount "107"]
[EventDate "2023.08.08"]
[EventType "swiss (blitz)"]
[EventRounds "11"]
[EventCountry "USA"]
[SourceTitle "EXT 2024"]
[Source "ChessBase"]
[SourceDate "2023.10.10"]
[SourceVersion "1"]
[SourceVersionDate "2023.10.10"]
[SourceQuality "1"]

1. d4 Nf6 2. c4 e6 3. Nf3 Bb4+ 4. Bd2 Qe7 5. g3 b6 6. Bg2 Bb7 7. 0-0 0-0 8. Bg5 h6 9. Bxf6 Qxf6 10. a3 Be7 11. Nc3 d6 12. e4 Nc6 13. Re1 Rfe8 14. e5 dxe5 15. Nxe5 Na5 16. b4 Bxg2 17. Kxg2 Nb7 18. c5 a5 19. Qf3 Qxf3+ 20. Kxf3 Bf6 21. Nb5 Bxe5 22. Rxe5 Rec8 23. c6 Nd8 24. Rc1 axb4 25. axb4 Ra4 26. Rc4 f6 27. Re3 Kf7 28. h4 h5 29. g4 hxg4+ 30. Kxg4 Ke7 31. d5 e5 32. Kf5 Nf7 33. Rg3 Nd6+ 34. Nxd6 Kxd6 35. Rd3 b5 36. Rg4 Rd8 37. h5 Rh8 38. Kg6 f5 39. Kxf5 Rxh5+ 40. Kg6 Rh2 41. f3 Rb2 42. Kxg7 Raxb4 43. Rg6+ Kc5 44. d6 Kb6 45. d7 Rh2 46. d8Q Rbh4 47. Qb8+ Kc5 48. Qa7+ Kc4 49. Qe3 Rh7+ 50. Kf6 b4 51. Qe4+ Kb5 52. Rd5+ Kb6 53. Qxb4+ Kxc6 54. Qb5# 1-0

[Event "Titled Tuesday intern op 18th Jul Early"]
[Site "Chess.com INT"]
[Date "2023.07.18"]
[Round "2"]
[White "Garcia Correa, Jose Ricardo"]
[Black "Sisabayev, Kuanysh"]
[Result "1-0"]
[WhiteElo "2103"]
[BlackElo "2235"]
[PlyCount "153"]
[EventDate "2023.07.18"]
[EventType "swiss (blitz)"]
[EventRounds "11"]
[EventCountry "USA"]
[SourceTitle "EXT 2024"]
[Source "ChessBase"]
[SourceDate "2023.10.10"]
[SourceVersion "1"]
[SourceVersionDate "2023.10.10"]
[SourceQuality "1"]

1. e4 e5 2. Nf3 d6 3. Bc4 Be7 4. c3 Nf6 5. Qe2 0-0 6. h3 a6 7. Bb3 b5 8. d3 c5 9. Nbd2 Nc6 10. Nf1 h6 11. g4 Be6 12. Ng3 Na5 13. Bc2 Nh7 14. Nf5 Bg5 15. Be3 Bxe3 16. fxe3 b4 17. c4 Rb8 18. b3 Qf6 19. 0-0 g6 20. Ng3 Ng5 21. Nd4 Qd8 22. Nxe6 Nxe6 23. Rad1 Qh4 24. Kg2 Ng5 25. Rh1 Nc6 26. Rdf1 Rbe8 27. Qf2 Re6 28. Qe2 Rfe8 29. Qf2 Nd8 30. Ne2 Qxf2+ 31. Rxf2 R6e7 32. Rhf1 Nge6 33. h4 Kg7 34. Kg3 Rh8 35. Rf6 Nb7 36. R6f2 Rf8 37. d4 cxd4 38. exd4 exd4 39. Rd1 Nbc5 40. Nxd4 a5 41. Nxe6+ fxe6 42. Rxd6 Rxf2 43. Kxf2 Rc7 44. Ke3 Kf6 45. Rb6 a4 46. bxa4 Nd7 47. Rxb4 Ne5 48. Bb3 Nxg4+ 49. Kd4 Ne5 50. Rb6 g5 51. c5 gxh4 52. Rxe6+ Kg5 53. Rxe5+ Kg4 54. Be6+ Kg3 55. Kd5 h3 56. Rh5 h2 57. Rxh6 Rg7 58. Kd6 Kg2 59. e5 h1Q 60. Bd5+ Kf2 61. Rxh1 Ke3 62. Rh2 Kd4 63. Rh4+ Kc3 64. e6 Rg6 65. Kd7 Rg5 66. Bb3 Rxc5 67. Rh3+ Kb4 68. e7 Re5 69. e8Q Rxe8 70. Kxe8 Ka3 71. Rh6 Kb4 72. a5 Ka3 73. a6 Kb2 74. a7 Ka1 75. a8Q Kb2 76. Qg2+ Ka1 77. Rh1# 1-0

[Event "Astana Zhuldyzdary op-A"]
[Site "Astana"]
[Date "2023.07.11"]
[Round "1"]
[White "Sisabayev, Kuanysh"]
[Black "Kovalev, Vladislav"]
[Result "1-0"]
[WhiteElo "2235"]
[BlackElo "2603"]
[PlyCount "97"]
[EventDate "2023.07.11"]
[EventType "swiss"]
[EventRounds "10"]
[EventCountry "KAZ"]
[SourceTitle "CBM 215 Extra"]
[Source "ChessBase"]
[SourceDate "2023.09.30"]
[SourceVersion "1"]
[SourceVersionDate "2023.09.30"]
[SourceQuality "1"]

1. e4 e5 2. Nf3 Nc6 3. Bc4 Nf6 4. d3 Bc5 5. c3 a6 6. 0-0 d6 7. Be3 Bxe3 8. fxe3 Ne7 9. Nh4 c6 10. Nd2 d5 11. Bb3 Be6 12. d4 Qc7 13. exd5 cxd5 14. Qe2 0-0 15. Rxf6 gxf6 16. Rf1 Ng6 17. Qh5 Kg7 18. Bc2 Rae8 19. Ndf3 e4 20. Nd2 b5 21. Nb3 b4 22. Nc5 bxc3 23. bxc3 Bc8 24. Bb3 Qa5 25. Rc1 Qa3 26. Rc2 Rd8 27. Nf5+ Bxf5 28. Qxf5 Ne7 29. Qg4+ Ng6 30. Qh5 Ne7 31. h4 Rd6 32. Qg4+ Kh8 33. Qf4 Rc6 34. Nd7 Rfc8 35. Nc5 Qa5 36. h5 Qc7 37. Qf2 Rg8 38. c4 Rg5 39. cxd5 Nxd5 40. h6 Qe7 41. Bxd5 Rxd5 42. Rb2 Qd6 43. Rb7 f5 44. Rd7 Qxd7 45. Nxd7 Rxd7 46. Qxf5 Re7 47. d5 Rg6 48. Qc8+ Rg8 49. Qc3+ 1-0

[Event "Titled Tuesday intern op 27th Jun Early"]
[Site "Chess.com INT"]
[Date "2023.06.27"]
[Round "3"]
[White "Sisabayev, Kuanysh"]
[Black "Bacrot, Etienne"]
[Result "0-1"]
[WhiteElo "2235"]
[BlackElo "2672"]
[PlyCount "76"]
[EventDate "2023.06.27"]
[EventType "swiss (blitz)"]
[EventRounds "11"]
[EventCountry "USA"]
[SourceTitle "EXT 2024"]
[Source "ChessBase"]
[SourceDate "2023.10.10"]
[SourceVersion "1"]
[SourceVersionDate "2023.10.10"]
[SourceQuality "1"]

1. d4 Nf6 2. Nf3 g6 3. g3 Bg7 4. Bg2 0-0 5. 0-0 d6 6. c4 Nc6 7. Nc3 e5 8. dxe5 dxe5 9. Qxd8 Rxd8 10. Bg5 h6 11. Bxf6 Bxf6 12. Nd5 Bg7 13. Nxc7 Rb8 14. e4 Bg4 15. Nd5 Bxf3 16. Bxf3 Bf8 17. Rfd1 Kg7 18. Kg2 a5 19. Rac1 Bc5 20. h4 h5 21. Nc3 Bd4 22. Kf1 Nb4 23. a3 Nc6 24. Be2 Rf8 25. Bd3 Rbd8 26. Ke2 f5 27. exf5 gxf5 28. Bb1 e4 29. Rc2 f4 30. Nxe4 fxg3 31. fxg3 Rde8 32. Rcd2 Rf2+ 33. Kd3 Rf3+ 34. Kc2 Rxe4 35. Kc1 Rg4 36. Kc2 Rfxg3 37. Rd3 Rxd3 38. Rxd3 Rg2+ 0-1

[Event "Titled Tuesday intern op 27th Jun Early"]
[Site "Chess.com INT"]
[Date "2023.06.27"]
[Round "10"]
[White "Sisabayev, Kuanysh"]
[Black "Georg, Heinz"]
[Result "1-0"]
[WhiteElo "2235"]
[BlackElo "2118"]
[PlyCount "99"]
[EventDate "2023.06.27"]
[EventType "swiss (blitz)"]
[EventRounds "11"]
[EventCountry "USA"]
[SourceTitle "EXT 2024"]
[Source "ChessBase"]
[SourceDate "2023.10.10"]
[SourceVersion "1"]
[SourceVersionDate "2023.10.10"]
[SourceQuality "1"]

1. e4 e5 2. Nf3 Nc6 3. Bc4 Nf6 4. d3 d5 5. exd5 Nxd5 6. 0-0 Nb6 7. Bb3 Bd6 8. Nc3 0-0 9. Ng5 h6 10. Qh5 hxg5 11. Bxg5 Be7 12. Ne4 Bf5 13. Bxe7 Nxe7 14. f4 Bg6 15. Qg5 Qd4+ 16. Kh1 Bxe4 17. dxe4 Rae8 18. f5 Qxe4 19. Rae1 Qxe1 20. Rxe1 Ned5 21. h3 c5 22. Bxd5 Nxd5 23. c3 f6 24. Qd2 Rd8 25. Qf2 b6 26. Rd1 Nf4 27. Rxd8 Rxd8 28. Qf3 Rd7 29. b4 cxb4 30. cxb4 Kf7 31. a4 Nd5 32. Qb3 Ke7 33. Qc4 Kd6 34. b5 Rc7 35. Qg4 Ne3 36. Qb4+ Rc5 37. Qd2+ Nd5 38. Qd3 Rc3 39. Qe4 Re3 40. Qg4 Nf4 41. Qxg7 Re1+ 42. Kh2 e4 43. Qxf6+ Kd5 44. Qc6+ Kd4 45. f6 e3 46. f7 e2 47. Qd6+ Nd5 48. f8Q Rf1 49. Qg7+ Kc4 50. Qg4+ 1-0

[Event "Titled Tuesday intern op 27th Jun Early"]
[Site "Chess.com INT"]
[Date "2023.06.27"]
[Round "1"]
[White "Sisabayev, Kuanysh"]
[Black "Narayanan, Sunilduth Lyna"]
[Result "0-1"]
[WhiteElo "2235"]
[BlackElo "2657"]
[PlyCount "70"]
[EventDate "2023.06.27"]
[EventType "swiss (blitz)"]
[EventRounds "11"]
[EventCountry "USA"]
[SourceTitle "EXT 2024"]
[Source "ChessBase"]
[SourceDate "2023.10.10"]
[SourceVersion "1"]
[SourceVersionDate "2023.10.10"]
[SourceQuality "1"]

1. d4 d5 2. Nf3 Bf5 3. g3 Nc6 4. Bg2 Qd7 5. c4 dxc4 6. Nc3 Nf6 7. 0-0 0-0-0 8. Qa4 Kb8 9. Qxc4 e6 10. Ne5 Nxe5 11. dxe5 Nd5 12. Nxd5 exd5 13. Qb3 Bc5 14. Bg5 c6 15. Bxd8 Rxd8 16. Rac1 Bb6 17. Kh1 h5 18. h4 g5 19. Qb4 gxh4 20. Qxh4 Bg4 21. e4 d4 22. f3 Be6 23. b3 d3 24. Rfd1 d2 25. Rc2 Be3 26. Bf1 a5 27. Be2 Qd4 28. Kg2 Rg8 29. Qxh5 Bf4 30. g4 a4 31. Bc4 axb3 32. axb3 Bxc4 33. Rxc4 Qe3 34. Rf1 Qe2+ 35. Rf2 d1Q 0-1

[Event "Titled Tuesday intern op 13th Jun Early"]
[Site "Chess.com INT"]
[Date "2023.06.13"]
[Round "9"]
[White "Souleidis, Georgios"]
[Black "Sisabayev, Kuanysh"]
[Result "0-1"]
[WhiteElo "2419"]
[BlackElo "2235"]
[PlyCount "92"]
[EventDate "2023.06.13"]
[EventType "swiss (blitz)"]
[EventRounds "11"]
[EventCountry "USA"]
[SourceTitle "EXT 2024"]
[Source "ChessBase"]
[SourceDate "2023.10.10"]
[SourceVersion "1"]
[SourceVersionDate "2023.10.10"]
[SourceQuality "1"]

1. e4 c5 2. Be2 Nc6 3. d3 Nf6 4. f4 e6 5. Nf3 d5 6. e5 Nd7 7. 0-0 Be7 8. c4 d4 9. Nbd2 f5 10. exf6 Nxf6 11. Ng5 0-0 12. Nde4 Nxe4 13. Nxe4 e5 14. Bg4 exf4 15. Bxf4 Qb6 16. b3 Nb4 17. Bxc8 Raxc8 18. Qe2 Qg6 19. Bd2 Nc6 20. a3 h6 21. Rab1 Rxf1+ 22. Rxf1 Rf8 23. Rxf8+ Bxf8 24. g3 Qf5 25. Kg2 Ne5 26. Bf4 Ng6 27. Bd2 Ne5 28. b4 cxb4 29. axb4 a6 30. c5 Nc6 31. Qd1 Qd5 32. Qf3 Qa2 33. Qf2 Qb2 34. Be1 Qb3 35. Qd2 Ne5 36. Nf2 Qd5+ 37. Ne4 Nc4 38. Qe2 Ne3+ 39. Kg1 Qf5 40. Bf2 Nd5 41. Bxd4 Nxb4 42. Bb2 Bxc5+ 43. Nxc5 Qxc5+ 44. Kg2 Qd5+ 45. Kf2 Nxd3+ 46. Kf1 Qh1# 0-1

[Event "Titled Tuesday intern op 06th Jun Early"]
[Site "Chess.com INT"]
[Date "2023.06.06"]
[Round "4"]
[White "Sisabayev, Kuanysh"]
[Black "Sadykov, Ramil"]
[Result "0-1"]
[WhiteElo "2235"]
[BlackElo "2345"]
[PlyCount "78"]
[EventDate "2023.06.06"]
[EventType "swiss (blitz)"]
[EventRounds "11"]
[EventCountry "USA"]
[SourceTitle "EXT 2024"]
[Source "ChessBase"]
[SourceDate "2023.10.10"]
[SourceVersion "1"]
[SourceVersionDate "2023.10.10"]
[SourceQuality "1"]

1. e4 c5 2. Nf3 e6 3. b3 Nf6 4. e5 Nd5 5. Bb2 Nc6 6. Nc3 Nf4 7. Ne4 Qc7 8. g3 Ng6 9. Nd6+ Bxd6 10. exd6 Qxd6 11. Bxg7 Rg8 12. Bc3 e5 13. d3 Qe7 14. Qe2 d6 15. 0-0-0 Bg4 16. h3 Be6 17. Bg2 0-0-0 18. Nd2 d5 19. h4 f6 20. h5 Nf4 21. gxf4 Rxg2 22. fxe5 d4 23. exf6 Qxf6 24. Ne4 Qe5 25. Bd2 Bg4 26. Qf1 Bf3 27. Re1 Rdg8 28. Rh3 Bxe4 29. Rxe4 Qf5 30. Rh1 Rxf2 31. Qe1 Rgg2 32. Re8+ Kd7 33. Rh8 Re2 34. Qh4 Rxd2 35. Rxh7+ Qxh7 36. Qh3+ Kc7 37. Re1 Rxc2+ 38. Kb1 Rb2+ 39. Ka1 Rxa2+ 0-1

[Event "Titled Tuesday intern op 06th Jun Early"]
[Site "Chess.com INT"]
[Date "2023.06.06"]
[Round "2"]
[White "Skiadopoulos, Nikolaos"]
[Black "Sisabayev, Kuanysh"]
[Result "0-1"]
[WhiteElo "1896"]
[BlackElo "2235"]
[PlyCount "80"]
[EventDate "2023.06.06"]
[EventType "swiss (blitz)"]
[EventRounds "11"]
[EventCountry "USA"]
[SourceTitle "EXT 2024"]
[Source "ChessBase"]
[SourceDate "2023.10.10"]
[SourceVersion "1"]
[SourceVersionDate "2023.10.10"]
[SourceQuality "1"]

1. e4 c5 2. b4 cxb4 3. a3 d5 4. exd5 Qxd5 5. Nf3 Bg4 6. c4 bxc3 7. Nxc3 Qe6+ 8. Qe2 Qxe2+ 9. Bxe2 Nc6 10. 0-0 0-0-0 11. h3 Bh5 12. g4 Bg6 13. a4 Nf6 14. a5 a6 15. Na4 e6 16. Nb6+ Kb8 17. Ba3 Bd3 18. Rfe1 Bxe2 19. Rxe2 Rd3 20. Bxf8 Rxf8 21. Kg2 Rfd8 22. Re3 h6 23. Ra3 Rxa3 24. Rxa3 Nd5 25. d4 Nxa5 26. Rxa5 Nxb6 27. g5 hxg5 28. Rxg5 g6 29. h4 Rd7 30. h5 gxh5 31. Rxh5 Nd5 32. Ne5 Rc7 33. Rh8+ Ka7 34. Rf8 f6 35. Nd3 b6 36. Kf3 a5 37. Ke4 a4 38. Re8 a3 39. Rxe6 Nc3+ 40. Ke3 a2 0-1

[Event "Titled Tuesday intern op 06th Jun Early"]
[Site "Chess.com INT"]
[Date "2023.06.06"]
[Round "6"]
[White "Vlassov, Nikolai"]
[Black "Sisabayev, Kuanysh"]
[Result "1-0"]
[WhiteElo "2283"]
[BlackElo "2235"]
[PlyCount "85"]
[EventDate "2023.06.06"]
[EventType "swiss (blitz)"]
[EventRounds "11"]
[EventCountry "USA"]
[SourceTitle "EXT 2024"]
[Source "ChessBase"]
[SourceDate "2023.10.10"]
[SourceVersion "1"]
[SourceVersionDate "2023.10.10"]
[SourceQuality "1"]

1. e4 c5 2. c3 Nf6 3. e5 Nd5 4. d4 cxd4 5. cxd4 e6 6. Nc3 d6 7. f4 Be7 8. Nf3 Nc6 9. Bd3 Nxc3 10. bxc3 b6 11. Qe2 Bb7 12. 0-0 0-0 13. h4 Bxh4 14. exd6 Bf6 15. a4 Qxd6 16. Ne5 Qc7 17. Rf3 g6 18. Rh3 Ne7 19. Bd2 Nd5 20. c4 Ne7 21. Kf2 Rad8 22. Be3 Nf5 23. Bxf5 exf5 24. Rah1 Bxe5 25. fxe5 f6 26. Rxh7 Qxh7 27. Rxh7 Kxh7 28. e6 g5 29. d5 f4 30. Qh5+ Kg7 31. Bd4 Bxd5 32. Qxg5+ Kh7 33. Qh5+ Kg7 34. cxd5 Rd6 35. e7 Rg8 36. e8Q Rxe8 37. Qxe8 Rxd5 38. Qe7+ Kg6 39. Qxf6+ Kh5 40. Qf7+ Kg4 41. Qxd5 a6 42. Bf6 f3 43. Qg5# 1-0

[Event "Titled Tuesday intern op 18th Apr Early"]
[Site "Chess.com INT"]
[Date "2023.04.18"]
[Round "5"]
[White "Sisabayev, Kuanysh"]
[Black "Goncharov, Vladimir"]
[Result "1-0"]
[WhiteElo "2235"]
[BlackElo "2077"]
[PlyCount "71"]
[EventDate "2023.04.18"]
[EventType "swiss (blitz)"]
[EventRounds "11"]
[EventCountry "USA"]
[SourceTitle "EXT 2024"]
[Source "ChessBase"]
[SourceDate "2023.10.10"]
[SourceVersion "1"]
[SourceVersionDate "2023.10.10"]
[SourceQuality "1"]

1. d4 Nf6 2. Nf3 e6 3. g3 d5 4. Bg2 Be7 5. 0-0 0-0 6. c4 c6 7. Nc3 b6 8. b3 Bb7 9. Bb2 a5 10. Ne5 Na6 11. a3 c5 12. cxd5 Nxd5 13. Nxd5 exd5 14. dxc5 bxc5 15. Qd2 Nc7 16. Rfd1 a4 17. b4 cxb4 18. axb4 Qd6 19. Nc4 Qxb4 20. Qxb4 Bxb4 21. Nb6 Ra5 22. Rxa4 Rxa4 23. Nxa4 Ra8 24. Nb6 Ra5 25. Be5 Ne6 26. Nxd5 Bf8 27. e4 Ra2 28. Rb1 Bc6 29. h4 h5 30. Rb8 Ra8 31. Rb6 Bd7 32. Kh2 f6 33. Bxf6 Be8 34. Bc3 Nd8 35. Bh3 Bf7 36. Rb2 1-0

[Event "Titled Tuesday intern op 18th Apr Early"]
[Site "Chess.com INT"]
[Date "2023.04.18"]
[Round "4"]
[White "Toropov, Pavel"]
[Black "Sisabayev, Kuanysh"]
[Result "1-0"]
[WhiteElo "2336"]
[BlackElo "2235"]
[PlyCount "151"]
[EventDate "2023.04.18"]
[EventType "swiss (blitz)"]
[EventRounds "11"]
[EventCountry "USA"]
[SourceTitle "EXT 2024"]
[Source "ChessBase"]
[SourceDate "2023.10.10"]
[SourceVersion "1"]
[SourceVersionDate "2023.10.10"]
[SourceQuality "1"]

1. e4 e6 2. d4 d5 3. exd5 exd5 4. Bd3 Bd6 5. Nf3 Nf6 6. h3 h6 7. 0-0 0-0 8. Nc3 Be6 9. Nb5 Be7 10. Bf4 Na6 11. Re1 c6 12. Nc3 Nb4 13. Bf1 Bf5 14. Rc1 a5 15. a3 Na6 16. Ne5 Re8 17. g4 Bh7 18. f3 Nc7 19. Bg3 Ne6 20. Ne2 Nd7 21. Nd3 Bh4 22. c3 Bxg3 23. Nxg3 Qc7 24. Kf2 Nf4 25. Nxf4 Qxf4 26. Nh5 Qh2+ 27. Bg2 Qd6 28. Qd2 g5 29. Bf1 Bg6 30. Ng3 Kg7 31. Bd3 Nf6 32. Bf5 a4 33. Rxe8 Rxe8 34. Re1 Rxe1 35. Qxe1 Qf4 36. Qe3 Qd6 37. Qe5 Qd8 38. f4 gxf4 39. Qxf4 Qb6 40. Qd2 Kh7 41. Kg2 Qc7 42. Qf2 Qe7 43. Qf4 Kg7 44. Qe5 Qd8 45. Ne2 Kh7 46. Nf4 Bxf5 47. Qxf5+ Kg7 48. h4 Kg8 49. g5 hxg5 50. hxg5 Ne4 51. Nh3 Qe7 52. Kf3 Nd6 53. Qf4 Nc4 54. Nf2 Qe1 55. Ng4 Nd2+ 56. Kg2 Qe2+ 57. Kh3 Qd3+ 58. Kh4 Nf3+ 59. Kg3 Ne5+ 60. Qe3 Qxe3+ 61. Nxe3 Nd3 62. Nd1 Kg7 63. Kf3 Kg6 64. Ke3 Nc1 65. Kf4 Nd3+ 66. Ke3 Nc1 67. Kf4 Nd3+ 68. Kg4 Nc1 69. Kh4 Nd3 70. Kg4 Nc1 71. Nf2 Ne2 72. Nh3 Nc1 73. Nf4+ Kg7 74. Kf5 Nb3 75. Ke5 Nd2 76. Nd3 1-0

[Event "Atyrau op"]
[Site "Atyrau"]
[Date "2022.08.19"]
[Round "5"]
[White "Sisabayev, Kuanysh"]
[Black "Sivuk, Vitaly"]
[Result "0-1"]
[WhiteElo "2267"]
[BlackElo "2579"]
[PlyCount "96"]
[EventDate "2022.08.15"]
[EventType "swiss"]
[EventRounds "9"]
[EventCountry "KAZ"]
[SourceTitle "CBM 210 Extra"]
[Source "ChessBase"]
[SourceDate "2022.11.30"]
[SourceVersion "1"]
[SourceVersionDate "2022.11.30"]
[SourceQuality "1"]

1. d4 Nf6 2. g3 c5 3. d5 b5 4. Bg2 d6 5. a4 b4 6. b3 g6 7. Bb2 Bg7 8. e4 0-0 9. Ne2 Ba6 10. 0-0 Nbd7 11. Nd2 Qc7 12. a5 Rfe8 13. Nc4 Rad8 14. h3 Bxc4 15. bxc4 e6 16. dxe6 Ne5 17. Nf4 fxe6 18. Qe2 Nfd7 19. h4 Nb8 20. Bh3 Qf7 21. c3 Nbc6 22. Kh1 Bh6 23. Ng2 Qf3 24. Qxf3 Nxf3 25. cxb4 cxb4 26. Nf4 Bxf4 27. gxf4 Nd2 28. Rfe1 Kf7 29. Bf1 e5 30. fxe5 dxe5 31. c5 Nxf1 32. Rxf1 Rd2 33. Bc1 Re2 34. Be3 Rd8 35. a6 b3 36. Rfb1 Rb8 37. Ra3 b2 38. Rd3 Ke8 39. Kg2 Rc2 40. Rd6 Na5 41. Rd3 Rc8 42. Bg5 Nc4 43. c6 h6 44. Bxh6 Rxc6 45. Rbd1 Rd6 46. Rxd6 Nxd6 47. Bg5 Nxe4 48. Rd8+ Kf7 0-1

[Event "Almaty op"]
[Site "Almaty"]
[Date "2019.10.11"]
[Round "6"]
[White "Sisabayev, Kuanysh"]
[Black "Kenzhalin, Nursultan"]
[Result "1/2-1/2"]
[WhiteElo "2289"]
[BlackElo "2193"]
[PlyCount "140"]
[EventDate "2019.10.07"]
[EventType "swiss"]
[EventRounds "9"]
[EventCountry "KAZ"]
[SourceTitle "EXT 2020"]
[Source "ChessBase"]
[SourceDate "2019.10.17"]
[SourceVersion "1"]
[SourceVersionDate "2019.10.17"]
[SourceQuality "1"]

1. e4 d6 2. d4 Nf6 3. f3 g6 4. Be3 Bg7 5. Qd2 c6 6. c4 Nbd7 7. Nc3 e5 8. 0-0-0 Qc7 9. Bh6 Bf8 10. Nge2 b6 11. Kb1 Bb7 12. d5 c5 13. Nb5 Qb8 14. g4 a6 15. Nbc3 Qd8 16. Ng3 Bxh6 17. Qxh6 Ng8 18. Qe3 Qh4 19. Bd3 Ne7 20. Qe1 0-0-0 21. Nf5 Nxf5 22. exf5 Qxe1 23. Rdxe1 Kc7 24. h4 Nf6 25. Ne2 b5 26. b3 bxc4 27. bxc4 Bc8 28. g5 Nh5 29. f6 Bf5 30. Kc2 Rb8 31. Rb1 Rxb1 32. Rxb1 Bd7 33. Kd2 Rb8 34. Rxb8 Kxb8 35. Ke3 Kc7 36. f4 Nxf4 37. Nxf4 exf4+ 38. Kxf4 Be8 39. h5 Kd8 40. Ke3 Bd7 41. hxg6 hxg6 42. Bc2 Be8 43. Kd2 Bd7 44. Kc3 Be8 45. Kb2 Kc7 46. Ka3 Kb6 47. Bd1 Bd7 48. Bc2 Be8 49. Be4 Kc7 50. Kb3 Kd8 51. Kc3 Kc7 52. Bc2 Kd8 53. Kd2 Kc7 54. Ke3 Kb6 55. Kf4 Kc7 56. Bd1 Kd8 57. Bg4 Bd7 58. Bd1 Be8 59. Ke3 Kc7 60. Bc2 Kd8 61. Kd2 Kc7 62. Kc3 Kd8 63. Kb3 Kc7 64. Ka3 Kd8 65. Bd1 Bd7 66. Bf3 Be8 67. Bg4 Bd7 68. Bd1 Be8 69. Bc2 Kc7 70. Kb2 Kd8 1/2-1/2

[Event "Almaty op"]
[Site "Almaty"]
[Date "2019.10.09"]
[Round "4"]
[White "Sisabayev, Kuanysh"]
[Black "Tologontegin, Semetey"]
[Result "0-1"]
[WhiteElo "2289"]
[BlackElo "2369"]
[PlyCount "92"]
[EventDate "2019.10.07"]
[EventType "swiss"]
[EventRounds "9"]
[EventCountry "KAZ"]
[SourceTitle "EXT 2020"]
[Source "ChessBase"]
[SourceDate "2019.10.17"]
[SourceVersion "1"]
[SourceVersionDate "2019.10.17"]
[SourceQuality "1"]

1. e4 g6 2. d4 Bg7 3. c4 d6 4. Nc3 e5 5. Be3 Nc6 6. d5 Nd4 7. Nge2 Nxe2 8. Bxe2 f5 9. exf5 Bxf5 10. g4 Bd7 11. Qd2 Nf6 12. h3 Qe7 13. 0-0-0 a6 14. c5 0-0 15. cxd6 cxd6 16. Bb6 Rac8 17. Kb1 Be8 18. Rc1 Bf7 19. g5 Nh5 20. Bg4 Rc4 21. Ne2 Rxc1+ 22. Rxc1 Nf4 23. Rc7 Qxg5 24. Be3 Bxd5 25. Nc3 Bc6 26. Qxd6 Rd8 27. Be6+ Kh8 28. Rc8 Rxc8 29. Bxc8 h5 30. Qc7 Qf6 31. a4 Ne6 32. Qb6 Qe7 33. a5 Nf4 34. Bc5 Qf7 35. Ka1 Kh7 36. h4 Nd5 37. Qb3 Qc7 38. Nxd5 Qxa5+ 39. Kb1 Qxc5 40. Nc3 Qf8 41. Be6 Qxf2 42. Nd5 Qxh4 43. Qf3 e4 44. Qf7 e3 45. Ne7 Be4+ 46. Ka2 Qf2 0-1